Регионална библиотека "Любен Каравелов" - Русе

Сочинения (Запис номер 427618)

MARC детайли
000 -Лидер
Контролно поле с фиксирана дължина nam a22 a 4500
003 - Код на организацията, давaща контролен номер
Контролно поле BLK
005 - Дата и час на последна редакция
Контролно поле 20210810101121.0
008 - Елементи от данни с фиксирана дължина
fixed length control field 180409b bul|||||r ||||||| ||bul||
010 ## - Наследен системен номер
LC control number KNG00147297000
040 ## - Източник на каталожния запис
Идентификатор на билиотеката - собственик на записа BLK
041 ## - Код за език
Код за езика на текст/звукозапис или на отделно заглавие Руски
Код за езика КДБФ Руски
080 ## - УДК
Текстов определител УДК Руска литература
УДК код - определител по УДК 821.161.1
УДК определител -8
УДК - код + определител 821.161.1-8
100 ## - Редна дума - Автор
Автор Ляшко, Николай Николаевич
Авторска отговорност първи автор
R(LIN) 461848
139 ## - Редно поле
Редна дума Ляшко, Николай Николаевич
245 10 - Сведения за заглавието
Заглавие Сочинения
Подзаглавни данни В 3 т.
Редно поле (дума) Н. Н. Ляшко ; Вступ. статья А. Воинова.
Том Т. 3
Заглавие на том Сладкая каторга : Роман
260 ## - Област на издателските данни
Име на издателя, разпространителя и проч. Гослитиздат
Година на издаване 1955
Място на издаване, разпространение и проч. Москва
9 (RLIN) 438196
300 ## - Физическа характеристика
Страници 600 с.
Размери/Мащаб 21 см
380 ## - Жанр
Жанр Худож. лит.
700 ## - Други автори (авторска отговорност)
Лично име Воинов, А. И.
Автороска отговорност (Описва отношението между автора и произведението) вступ. статья
9 (RLIN) 494
760 ## - Описание на основната серия
Редна дума на основното описание Ляшко, Николай Николаевич
Място на издаване, издател и година Москва, 1955
Страници - том 600 с.
Част - том Т. 3. Сладкая каторга
Заглавие Сочинения
852 ## - Местоположение
Форматна сигнатура Цб 8.205.46088
Фондова буква Хранилище
999 ## - СИСТЕМНИ КОНТРОЛНИ НОМЕРА
Koha biblionumber 427618
Koha biblioitemnumber 427618
942 ## - АРТИКУЛИ
Вид на библиотечния материал Книги
Скрит в OPAC Не
Периодичен библиозапис Да
944 ## - СЪЗДАВАНЕ И РЕДАКЦИЯ на ЗАПИСА
Създаване/Редакция Създаване
Дата на регистрацията/редакция 2021-08-10
Статус, дата на статуса 2021-08-10
Служител, извършил регистрацията/редакцията Ренета Константинова
Наличности
Код за отписване Код за изгубен артикул Източник на класификационната схема Код за повреда Код за отдаване Артикулен № Име на библиотеката - собственик Име на библиотеката, в която се намира в момента Статус (Текущо местоположение) Дата на вписване в системата Местоположение - отдел Цена в лева Инвентарен номер Систематично азбучна сигнатура Баркод Цена в евро Служебен тип на артикула
  Не е изгубен Universal Decimal Classification Не е повреден ползва се в читалня 848172 Регионална библиотека "Любен Каравелов" Русе Регионална библиотека "Любен Каравелов" Русе Хранилище 2021-08-12 Основен фонд - ползва се само за читалня 0.88 7135/55 Цб 8.205.46088 900000073049 0.45 Книги
Vip Innovations Ltd, Rousse, Bulgaria 2025